000 00665nam a22002171 4500
005 20260322212006.0
008 data
010 _a 58008133
040 _aDLC
_cDLC
_dDLC
050 0 0 _aBM487
_b.B8
082 0 0 _a221.44
092 _a221.44 B8 1958
100 1 _aBurrows, Millar,
_d1889-
245 1 0 _aMore light on the Dead Sea scrolls;
_bnew scrolls and new interpretations, with translations of important recent discoveries.
_cMillar Burrows.
260 _aNew York,
_bViking Press,
_c1958.
300 _axiii, 434 p.
_bcol. map.
_c24 cm.
504 _aBibliography: p. 411-424.
630 0 _aDead Sea scrolls.
730 _aDead Sea scrolls. English.
001 data
999 _c96
_d96